Library Landscape of Future: (Record no. 205459)

MARC details
000 -LEADER
fixed length control field 00830nam a22002057a 4500
005 - DATE AND TIME OF LATEST TRANSACTION
control field 20240909111140.0
010 ## - LCCN (DPL NO)
LC control number ENG-141550
020 ## - INTERNATIONAL STANDARD BOOK NUMBER
Terms of availability 1000.00
International Standard Book Number 9788192453460
035 ## - SYSTEM CONTROL NUMBER
System control number EN-125082
037 ## - SOURCE OF ACQUISITION
Source of stock number/acquisition DBAD
082 ## - DEWEY DECIMAL CLASSIFICATION NUMBER
Classification number 025.4
Item number 1
245 ## - TITLE STATEMENT
Title Library Landscape of Future:
Remainder of title Commemoration volume in Honor of Prof. G.S.katti/
Statement of responsibility, etc edited by : Ashwani A. Vaishnav
Medium English
250 ## - EDITION STATEMENT
Edition statement 1
260 ## - PUBLICATION, DISTRIBUTION, ETC. (IMPRINT)
Place of publication, distribution, etc Aurangabad
Name of publisher, distributor, etc Library and information science acadmy
Date of publication, distribution, etc 2016
270 ## - ADDRESS
City Aurangabad
Address c/o A4, Akshay Garden Apartment,Devanagri,Shahanoorwadi
Postal code 431005
Telephone number 9422712183
300 ## - PHYSICAL DESCRIPTION
Extent xxIII,567p.
Dimensions 21cm(pbk)
500 ## - GENERAL NOTE
General note (Commemoration volume in Honor of Prof. G.S.katti)
700 ## - ADDED ENTRY--PERSONAL NAME
Titles and other words associated with a name Ed. by Ashwani A. Vaishnav,R.S.Balekar ;ASS Ed N.B.Kamble
Relator term editor and associate editor
9 (RLIN) 70838
942 ## - ADDED ENTRY ELEMENTS (KOHA)
Source of classification or shelving scheme Dewey Decimal Classification
Item type English Books
Classification part 025.4
Call number suffix LIB
Holdings
Withdrawn status Lost status Not for loan Collection code Home library Current library Date acquired Source of acquisition Cost, normal purchase price Full call number Barcode Copy number Cost, replacement price Koha item type
      Non-fiction Sarojini Nagar Sarojini Nagar 02/09/2024 DBAD 1000.00 025.4 LIB EN-125082 1 1000.00 English Books

© Delhi Public Library
Hit Counter
free hit counter